| 000 | 00474cam a2200193ua 4500 | ||
|---|---|---|---|
| 020 | _c8.00 | ||
| 041 |
_amal _h |
||
| 082 |
_a634.573 _bACH/KA |
||
| 100 | _aAchuthan nair, . | ||
| 245 |
_aKashumavu / _cAchuthan nair. _hTextual Documents |
||
| 250 |
_a1 / _b. |
||
| 260 |
_aThiruvananthapuram : _bState Instititute of Languages , _c1980. |
||
| 300 | _a220 ; . | ||
| 365 | _a8.00 | ||
| 504 | _a | ||
| 942 | _cBK | ||
| 999 |
_c6239 _d6239 |
||